Seneca : la educación y las artes liberales.

Gorde:
Xehetasun bibliografikoak
Egile nagusia: Inciarte, Esteban (autor)
Beste egile batzuk: Zamaripa, Jesús (autor) (autor)
Formatua: Liburua
Hizkuntza:gaztelania
Saila:(Biblioteca pedagógica ; no. 9)
Gaiak:
Etiketak: Etiketa erantsi
Etiketarik gabe, Izan zaitez lehena erregistro honi etiketa jartzen!

MARC

LEADER 00000cam^a2200000uu^4500
001 000479925
005 20250521000000.0
008 050901s1986^^^^^^^^^^^^rd^r^^000^0^spa^d
009 20260310124950.772
022 |a 9686125027 
035 |a FCE 000022932 
035 |a FCE 004111 
037 |a Acervo ITESO - Biblioteca 
041 |a spa 
082 0 4 |a 082.1  |b SECa 9 
100 |a Inciarte, Esteban  |e (autor) 
245 1 0 |a Seneca :  |b la educación y las artes liberales. 
264 |a México :  |b SEP : El Caballito,  |c 1986. 
300 |a 156 p. 
336 |a texto  |b txt  |2 rdacontenido 
337 |a sin mediación  |b n  |2 rdamedio 
338 |a volumen  |b nc  |2 rdasoporte 
440 0 |a (Biblioteca pedagógica ;  |v no. 9) 
649 |a XX 
650 |a Filosofía de la educación 
650 |a Teoría de la educación 
650 |a Antología 
650 |a Educación liberadora 
650 |a Capacitación 
700 |a Zamaripa, Jesús  |e (autor) 
910 |a Fondo Centro de Estudios Educativos 
920 |a Impresos - Libros 
930 |a Fondos Especiales 
905 |a 133 
901 |a ALE004111  |b IT2  |c CEE  |u 20250521 
901 |a ALE067128  |b IT2  |c CEE  |u 20250521 
902 |a https://opac.biblio.iteso.mx/vufind/Record/000479925